000 00882nas a2200289 4500
001 BR8806278
003 BR-BrBNA
005 20231205091326.0
007 ta
008 230509b bl.|||p| |||| 00| 00por d
040 _aBR-BrBNA
_bpor
_cBiblioteca Nacional de Agricultura
041 _a(Pt)
072 _aQ02
100 1 _aCereda, M.P.
100 1 _aGiaj-Levra, L.A.
245 1 _aConstatacao de bacterias nao simbioticas fixadoras de nitrogenio em fermentacao natural de fecula de mandioca
650 _aMANDIOCA
650 _aFECULA
650 _aAMIDO
650 _aFERMENTACAO
650 _aPOLVILHO
650 _aMICRORGANISMO
650 _aFIXACAO ASSIMBIOTICA DE NITROGENIO
773 0 _tRevista Brasileira de Mandioca (Brazil)
_xISSN 0101-563X
_g(Jun 1987), v. 6(1) p. 29-33
_wBR8806278
909 _a202311
_bLúcia
_c55
_dLúcia Elande
942 _2AGRIS
_n0
_cANA
999 _c124366
_d124366